LIBRARY & INFORMATION CENTRE, KCAET, TAVANUR

ONLINE PUBLIC ACCESS CATALOGUE (OPAC)

Fuzzy sets, uncertainity and information / (Record no. 9622)

MARC details
000 -LEADER
fixed length control field 00525cam a2200193ua 4500
020 ## - INTERNATIONAL STANDARD BOOK NUMBER
ISBN 81 203 0695 3
041 ## - LANGUAGE CODE
Language code of text/sound track or separate title eng
082 ## - DEWEY DECIMAL CLASSIFICATION NUMBER
Classification number 511.322
Item number KLI/FU
100 ## - MAIN ENTRY--AUTHOR NAME
Personal name Kcir, George J .
245 ## - TITLE STATEMENT
Title Fuzzy sets, uncertainity and information /
250 ## - EDITION STATEMENT
Edition statement 1 /
260 ## - PUBLICATION, DISTRIBUTION, ETC. (IMPRINT)
Place of publication New Delhi :
Name of publisher Prentice Hall of India Pvt Ltd. ,
Year of publication 2001.
300 ## - PHYSICAL DESCRIPTION
Number of Pages 355 ; .
700 1# - ADDED ENTRY--PERSONAL NAME
Personal name Folger, Tina A .
942 ## - ADDED ENTRY ELEMENTS (KOHA)
Koha item type Books
Holdings
Withdrawn status Lost status Damaged status Home library Current library Date acquired Full call number Accession Number Koha item type
      KAUAET KAUAET 07/04/2012 511.322 20685 Books
free website counter